000 00519nam a22001937a 4500
003 OSt
005 20160713172800.0
008 160713b xxu||||| |||| 00| 0 eng d
020 _a0521496322
040 _cDNLM.
082 _aWB300M468 2003.
100 _aZenon Rayter;
_910195
245 _aMedical Therapy of Breast Cancer.
260 _aUk.
_bCambridge University Press.
_c2003.
300 _axviii,394p;
_bill;
_c25cm.
504 _aincludes reference and index.
650 _aCancer.
_91826
942 _2z
_cO_SHELF
999 _c4732
_d4732